Josef Žídek : nástin života a díla reformního kněze, zakladatelské postavy pravoslavné církve na Moravě /

Hlavní autor: Marek, Pavel, 1949-
Korporativní autor: Univerzita Palackého. Centrum dějin křesťanské politiky
Jazyk: Čeština
Vydáno: Olomouc : Univerzita Palackého v Olomouci, 2010
Vydání: 1. vyd.
Edice: Monografie
Témata:
Externí odkaz: Digitalizovaný dokument
Fyzický popis: 351 s. : il., 1 mapa, portréty, faksim. ; 21 cm
Language note: Anglické a německé resumé
Knihy
Uloženo v:
LEADER 04098nam a2200961 a 4500
001 nkc20112172384
003 CZ PrNK
005 20110503152906.0
007 ta
008 110303s2010 xr abchf 001 1bcze
015 |a cnb002172384 
020 |a 978-80-244-2631-0  |q (brož.) 
035 |a (OCoLC)730407746 
040 |a OLA001  |b cze 
041 0 |a cze  |b eng  |b ger 
043 |a e-xr---  |b e-xr-mr  |b e-xr-ol  |2 czenas 
045 |a w8x6 
072 7 |a 27-9  |x Dějiny křesťanské církve  |2 Konspekt  |9 5 
072 7 |a 929  |x Biografie  |2 Konspekt  |9 8 
080 |a 929  |2 MRF 
080 |a 27-726.3  |2 MRF 
080 |a 27-337  |2 MRF 
080 |a 27-46  |2 MRF 
080 |a 27-184.35  |2 MRF 
080 |a 27-7-028.79  |2 MRF 
080 |a 272-028.79  |2 MRF 
080 |a 27-9  |2 MRF 
080 |a 27-4  |2 MRF 
080 |a 271.2-7  |2 MRF 
080 |a 271/279  |2 MRF 
080 |a (437.32)  |2 MRF 
080 |a (437.325)  |2 MRF 
080 |a (048.8)  |2 MRF 
100 1 |a Marek, Pavel,  |d 1949-  |7 jk01080147  |4 aut 
245 1 0 |a Josef Žídek :  |b nástin života a díla reformního kněze, zakladatelské postavy pravoslavné církve na Moravě /  |c Pavel Marek 
250 |a 1. vyd. 
260 |a Olomouc :  |b Univerzita Palackého v Olomouci,  |c 2010 
300 |a 351 s. :  |b il., 1 mapa, portréty, faksim. ;  |c 21 cm 
490 1 |a Monografie 
500 |a Nad názvem: Univerzita Palackého v Olomouci, Filozofická fakulta 
504 |a Obsahuje bibliografii, bibliografické odkazy a rejstříky 
521 8 |a Určeno pro odbornou a širší veřejnost, studující a zájemce 
546 |a Anglické a německé resumé 
550 |a Vydavatel: Centrum dějin křesťanské politiky 
600 1 7 |a Žídek, Josef,  |d 1889-1968  |7 xx0133311  |2 czenas 
648 4 |a 1889-1968 
648 7 |a 1901-1950  |7 ch460576  |2 czenas 
648 7 |a 20. století  |7 ch460558  |2 czenas 
650 0 7 |a křesťanští kněží  |7 ph115079  |z Česko  |y 20. století  |2 czenas 
650 0 7 |a křesťanští reformátoři  |7 ph122146  |z Česko  |y 20. století  |2 czenas 
650 0 7 |a pastorace  |7 ph123988  |z Česko  |y 1901-1950  |2 czenas 
650 0 7 |a náboženské konverze  |7 ph123377  |z Česko  |y 1901-1950  |2 czenas 
650 0 7 |a reforma církve  |7 ph281880  |z Česko  |y 1901-1930  |2 czenas 
650 0 7 |a katolický modernismus  |7 ph117413  |z Česko  |2 czenas 
650 0 7 |a církevní dějiny  |7 ph114283  |z Česko  |y 1901-1950  |2 czenas 
650 0 7 |a církevní život  |7 ph119306  |z Česko  |y 1901-1950  |2 czenas 
650 0 7 |a pravoslavné církve  |7 ph166512  |z Česko  |y 1901-1950  |2 czenas 
650 0 7 |a křesťanské církve  |7 ph122117  |z Česko  |y 1901-1950  |2 czenas 
650 0 9 |a Christian priests  |z Czechia  |y 20th century  |2 eczenas 
650 0 9 |a Christian reformers  |z Czechia  |y 20th century  |2 eczenas 
650 0 9 |a pastoral care  |z Czechia  |y 1901-1950  |2 eczenas 
650 0 9 |a religious conversions  |z Czechia  |y 1901-1950  |2 eczenas 
650 0 9 |a reform of the church  |z Czechia  |y 1901-1930  |2 eczenas 
650 0 9 |a Catholic modernism  |z Czechia  |2 eczenas 
650 0 9 |a church history  |z Czechia  |y 1901-1950  |2 eczenas 
650 0 9 |a church life  |z Czechia  |y 1901-1950  |2 eczenas 
650 0 9 |a Orthodox Eastern churches  |z Czechia  |y 1901-1950  |2 eczenas 
650 0 9 |a Christian churches  |z Czechia  |y 1901-1950  |2 eczenas 
651 7 |a Morava (Česko)  |7 ge130070  |2 czenas 
651 7 |a Chudobín (Litovel, Česko)  |7 ge388084  |2 czenas 
651 9 |a Moravia (Czechia)  |2 eczenas 
651 9 |a Chudobín (Litovel, Czechia)  |2 eczenas 
655 7 |a monografie  |7 fd132842  |2 czenas 
655 9 |a monographs  |2 eczenas 
710 2 |a Univerzita Palackého.  |b Centrum dějin křesťanské politiky  |7 kn20100421004 
810 2 |a Univerzita Palackého.  |t Monografie  |0 s 
856 4 1 |u http://www.digitalniknihovna.cz/mzk/uuid/uuid:d78c0610-580c-11e8-9a07-005056827e52  |y Digitalizovaný dokument  |x NDK 
910 2 |a BOA001  |b 2-1260.862 
990 |a BK 
995 |a 01 
991 |b 201104  |c NOV  |e n 
996 6 |b 2610473103  |c 2-1260.862  |l MZK  |r Sklad / do 1 hodiny  |n 0  |p p.v.  |w 001171931  |u 000010  |a 1  |e BOA001  |j MZK50  |s P 
996 7 |b 2610473627  |c 2-1260.862  |l MZK  |r Sklad / do 1 hodiny  |n 5  |p kup  |w 001171931  |u 000020  |a 1  |e BOA001  |j MZK50  |s A